000
00321nam a22001457a 4500
003
OSt
005
20160727222358.0
008
160622b xxu||||| |||| 00| 0 eng d
040
_c
TEST
100
_9
611
_a
Miller, C
245
_a
The Finale
260
_a
Ill
_b
Inter Varcity
_c
1979
300
_a
The Finale
942
_2
ddc
_c
BK
999
_c
498
_d
498